00726nam a2200241 a 4500001001300000003000900013005001700022008004100039020002700080082001300107100001900120245006200139260002700201300000900228500003500237505001000272650003500282700001900317902000800336942000700344952011600351999001700467nice12345678IN_TiNIC20260116013814.0050524s1992 dela grp 000 0 eng  a0803969 c2447.5500a302bELI aEllis, Carolyn aInvestigating Subjectivityb Research on Lived Experience aDelhibSage Pub c1992 a259p aincludes index and biblioraphy2 aIndex aSocial-Psychology-subjectivity1 aEllis, Carolyn bSRS cBK 001040708StackRoom-aHMIbHMId2007-08-01g2447.55l0o302 ELIp016125r2007-08-01v2447.55w2005-05-24yBK c12593d12593